[Event "EU-ch Cities&Town (Women) op"]
[Site "Tornelo INT"]
[Date "2023.01.29"]
[Round "?"]
[White "Kane, Marta"]
[Black "Cretu, Sofia"]
[Result "1-0"]
[WhiteElo "1836"]
[BlackElo "1221"]
[PlyCount "99"]
[EventDate "2023.01.29"]
[EventType "team-swiss"]
[EventRounds "9"]
[EventCountry "NET"]
[SourceTitle "CBM 212 Extra"]
[Source "ChessBase"]
[SourceDate "2023.03.31"]
[SourceVersion "1"]
[SourceVersionDate "2023.03.31"]
[SourceQuality "1"]
[WhiteTeam "Kuldiga"]
[BlackTeam "Iasi"]
[WhiteTeamCountry "LAT"]
[BlackTeamCountry "ROU"]

1. d4 d5 2. Nf3 Nf6 3. Bf4 c6 4. c3 e6 5. e3 Bd6 6. Bg3 0-0 7. Bd3 Bxg3 8. hxg3 h6 9. Nbd2 Nbd7 10. Qc2 Qc7 11. 0-0-0 e5 12. dxe5 Nxe5 13. Nxe5 Qxe5 14. Nf3 Qd6 15. e4 dxe4 16. Bxe4 Qc7 17. Bd3 Be6 18. Kb1 Rfd8 19. Nd4 Bc8 20. Rde1 Qd6 21. Bc4 c5 22. Nf3 a6 23. Rd1 Qc7 24. Rxd8+ Qxd8 25. Rd1 Qe7 26. Re1 Qd8 27. Ne5 Be6 28. Bxe6 fxe6 29. Qb3 Qd6 30. Qxb7 Rf8 31. Qc6 Qxc6 32. Nxc6 Re8 33. Kc2 Kf7 34. Ne5+ Ke7 35. Nd3 Rc8 36. Nf4 Rc6 37. f3 Kf7 38. Nd3 Ke7 39. Ne5 Rc7 40. g4 g5 41. g3 c4 42. f4 Nd5 43. Ng6+ Kf7 44. f5 exf5 45. gxf5 Kf6 46. g4 Rd7 47. Re6+ Kf7 48. Ne5+ Kf8 49. Nxd7+ Kg8 50. Rxh6 1-0

[Event "ROM-ch U10 Girls"]
[Site "Calimanesti Caciulata"]
[Date "2019.04.22"]
[Round "9.11"]
[White "Litcanu, Daria Tiana"]
[Black "Cretu, Sofia"]
[Result "1/2-1/2"]
[WhiteElo "1161"]
[BlackElo "1070"]
[PlyCount "50"]
[EventDate "2019.04.15"]
[EventType "swiss"]
[EventRounds "9"]
[EventCountry "ROU"]
[SourceTitle "EXT 2024"]
[Source "ChessBase"]
[SourceDate "2023.10.10"]
[SourceVersion "1"]
[SourceVersionDate "2023.10.10"]
[SourceQuality "1"]

1. e4 c5 2. Nf3 d6 3. d4 cxd4 4. Nxd4 Nf6 5. Nc3 a6 6. Be2 e5 7. Nb3 Be7 8. 0-0 0-0 9. Kh1 Be6 10. Be3 Nbd7 11. Nd2 Rc8 12. b3 Rxc3 13. Nc4 Bxc4 14. Bxc4 b5 15. Qd2 Rxe3 16. fxe3 bxc4 17. bxc4 Nxe4 18. Qd5 Nef6 19. Qd3 Nc5 20. Qf5 Qd7 21. Qf3 Nce4 22. Rad1 Nc3 23. Rd2 Nfe4 24. Rd3 f5 25. Qh5 Qe6 1/2-1/2

[Event "ROM-ch U10 Girls"]
[Site "Calimanesti Caciulata"]
[Date "2019.04.21"]
[Round "8.17"]
[White "Cretu, Sofia"]
[Black "Palos, Anca Ioana"]
[Result "1-0"]
[WhiteElo "1070"]
[BlackElo "1001"]
[PlyCount "65"]
[EventDate "2019.04.15"]
[EventType "swiss"]
[EventRounds "9"]
[EventCountry "ROU"]
[SourceTitle "EXT 2024"]
[Source "ChessBase"]
[SourceDate "2023.10.10"]
[SourceVersion "1"]
[SourceVersionDate "2023.10.10"]
[SourceQuality "1"]

1. e4 e5 2. Nf3 Nc6 3. Bc4 h6 4. 0-0 Nf6 5. Re1 Bc5 6. c3 Ng4 7. d4 exd4 8. cxd4 Bb6 9. h3 Nf6 10. e5 Nh7 11. Qd2 Ba5 12. Qf4 0-0 13. Rd1 Nb4 14. Nc3 Nc2 15. Rb1 Nb4 16. a3 Na6 17. b4 Bb6 18. a4 c6 19. b5 cxb5 20. axb5 Nb8 21. Ba3 g5 22. Qd2 Re8 23. h4 Ba5 24. hxg5 hxg5 25. Bd3 Bxc3 26. Qxc3 f6 27. Qc2 Nf8 28. Bxf8 Rxf8 29. Kf1 Qe7 30. Bc4+ Kh8 31. Ke2 a5 32. Rh1+ Kg7 33. Rh7# 1-0

[Event "ROM-ch U10 Girls"]
[Site "Calimanesti Caciulata"]
[Date "2019.04.17"]
[Round "3.10"]
[White "Kiss, Abigel"]
[Black "Cretu, Sofia"]
[Result "1/2-1/2"]
[WhiteElo "1037"]
[BlackElo "1070"]
[PlyCount "47"]
[EventDate "2019.04.15"]
[EventType "swiss"]
[EventRounds "9"]
[EventCountry "ROU"]
[SourceTitle "EXT 2024"]
[Source "ChessBase"]
[SourceDate "2023.10.10"]
[SourceVersion "1"]
[SourceVersionDate "2023.10.10"]
[SourceQuality "1"]

1. e4 c5 2. Nf3 d6 3. Nc3 Nf6 4. d4 cxd4 5. Nxd4 a6 6. Bg5 e5 7. Nf3 Be7 8. Bc4 0-0 9. 0-0 Be6 10. Bb3 Nbd7 11. Re1 Nc5 12. Qe2 h6 13. Bh4 Nh5 14. Bxe7 Qxe7 15. Nd2 Nf4 16. Qf3 Qg5 17. Rad1 Bg4 18. Qg3 Bxd1 19. Qxg5 hxg5 20. Rxd1 Nxb3 21. Nxb3 Rfd8 22. Nd5 Nxd5 23. Rxd5 Rac8 24. c3 1/2-1/2